| 000 | 00510nam a22001577a 4500 | ||
|---|---|---|---|
| 008 | 160930b xxu||||| |||| 00| 0 eng d | ||
| 020 | _a0471828165 | ||
| 050 | _aHD 31 .S3326 1986 | ||
| 100 | _aSchermerhorn, John R. | ||
| 245 |
_aManagement for productivity/ _cJohn R.Schermerhorn |
||
| 260 |
_aNew York: _bJohn Wiley and Sons, _c1986 |
||
| 300 |
_axxxii, 684p. : _bill. ; |
||
| 500 | _aincludes bibliographies and index | ||
| 650 | _aManagement | ||
| 942 |
_2lcc _cBOOKS _hHD 31 .S3326 1986 |
||
| 999 |
_c14333 _d14333 |
||